| 000 | 00624nam a22002297a 4500 | ||
|---|---|---|---|
| 003 | BArrington | ||
| 005 | 20140310181730.0 | ||
| 008 | 130312t xxu||||| |||| 00| 0 eng d | ||
| 020 | _a9780742544864 | ||
| 050 |
_aDS 557.8 _b.Sc355 2005 |
||
| 082 |
_aIB 959.7043 _bSch5 2005 |
||
| 100 | _aSchmitz, David F. | ||
| 245 |
_aThe TET offensive politics, war, and public opinion _cSchmitz, David F. |
||
| 260 |
_bLanham Rowman & Littlefield _c2005 |
||
| 300 |
_axvii, 183 p. : _bill., map _c23 cm. |
||
| 526 | _c1070L-1220L | ||
| 562 | _e3 | ||
| 942 |
_2lcc _cBK |
||
| 999 |
_c2368 _d2368 |
||